000 01199nam a2200289 c 4500
999 _c344161
_d344161
003 BLK
005 20200427104136.0
008 180911b bul|||||r ||||||| ||bul||
010 _a003825
040 _aBLK
041 _aRUS
_cBUL
080 _z882-1.09
100 1 _eпърви автор
_9398265
245 1 0 _aРУССКОЕ народное поэтическое творчество
246 _aУч. пособие для филологических фак. пед. инст.
_bРУССКОЕ народное поэтическое творчество
260 _aМосква
_bПросвещение
_c1971
300 _a384 с
_bс ил.
_c22 см
380 _a82
490 _aЧастна колекция - Академик Михаил Арнаудов
_gДарение - Основен фонд
500 _aАвтограф с текст: Академику Михаилу Арнаудову с искренним уважением, 22. VIII. 1971 г., Н. Кравцов
650 4 _aЕтнология
_9155182
650 _aФолклор
_9175904
655 _aЛитературознание
_9396446
700 1 _aН. И. Кравцов
_eПод ред.
_9398266
852 _aМА 1527
_bМА
942 _cKNG
_n0
_s1
944 _aCR
_c1996
_kValK
999 _d344161
999 _d344161